Apartmány Technik

Salvato in:
Dettagli Bibliografici
Autore principale: Kuzmiaková, Mária (Autore)
Altri autori: Kalesný, František, 1951- (Relatore della tesi)
Natura: Manoscritto Libro
Lingua:slovacco
Pubblicazione: Bratislava 2015
Soggetti:
Accesso online:http://is.stuba.sk/zp/portal_zp.pl?podrobnosti=93779
Tags: Aggiungi Tag
Nessun Tag, puoi essere il primo ad aggiungerne!!

MARC

LEADER 00000ntm a22000003a 4500
001 stuzp52327
003 SK-STU
005 20210226083114.6
007 ta
008 150427s2015----xo-----f-mn---000-0-slo-d
040 |a STU  |b slo 
041 0 |a slo 
100 1 |a Kuzmiaková, Mária  |u 054140  |4 aut  |U FAD Fakulta architektúry  |T FA Ústav konštrukcií v architektúre a inžinierskych stavieb  |X 61920  |U A4140  |Y 395  |7 61920 
242 0 1 |a Aparament Technik  |y eng 
245 1 0 |a Apartmány Technik 
260 |c 2015  |a Bratislava 
650 4 |a STARE MESTO  |2 slo 
650 4 |a APARTMANY  |2 slo 
650 4 |a STUDOVNE  |2 slo 
650 4 |a apartment  |2 eng 
650 4 |a hotel  |2 eng 
650 4 |a study hall  |2 eng 
700 1 |a Kalesný, František,  |d 1951-  |4 ths  |X 400  |7 A000000400 
856 4 |u http://is.stuba.sk/zp/portal_zp.pl?podrobnosti=93779  |u https://opac.crzp.sk/?fn=detailBiblioForm&sid=367CD704F5D5570C78EEF7DE3652 
SQL |a stuzp52327  |b DBP  |c SLO  |d Apartmány Technik  |e 61920  |f Kuzmiaková, Mária  |g 054140  |h 400  |i Kalesný, František  |j 20150611  |k 149  |l 05  |m http://is.stuba.sk/zp/portal_zp.pl?podrobnosti=93779  |n B-AU  |o 5.1.1. architektúra a urbanizmus